| 000 | 00675nam a2200217 a 4500 | ||
|---|---|---|---|
| 005 | 20241009063709.0 | ||
| 008 | 010725s1993 r 000 0 eng d | ||
| 020 | _a0226462048 | ||
| 035 | _aUPN01000110065 | ||
| 049 | _aCG | ||
| 050 | 4 |
_aP291 _bK8.3 |
|
| 100 | 1 |
_aKuno, Susumu _d1933- |
|
| 245 | 1 | 0 |
_aGrammar and discurse principles : _bfuntional syntax and GB theory / _cSusumu Kuno and Ken-ichi Takami. |
| 260 |
_aChicago, EUA : _bUniversity of Chicago, _c1993. |
||
| 300 | _a221 p. | ||
| 650 | 0 |
_aGramática comparada y general _915920 |
|
| 650 | 4 |
_aGRAMATICA GENERATIVA _97722 |
|
| 650 | 4 | _aSINTAXIS | |
| 700 | 1 |
_aTakami, Ken-ichi, _d1952- , _ecoaut. |
|
| 905 | _aLibro | ||
| 999 |
_c83974 _d83974 |
||